| 000 | 00909nam a22002297a 4500 | ||
|---|---|---|---|
| 999 |
_c61716 _d61716 |
||
| 005 | 20240419170204.0 | ||
| 008 | 240419s2007 enk||||| |||| 00| 0 eng d | ||
| 020 | _a9789996013829x | ||
| 041 | _aeng | ||
| 080 | _a616.6 C-18 | ||
| 245 |
_aCampbell-Walsh Urology : _bvolume 3 / _cWein, Alan J. | Kavoussi, Louis R. |
||
| 250 | _aNinth Edition. | ||
| 264 |
_aPhiladelphia : _b Saunders, _c2007. |
||
| 300 |
_a3117 p. : _bill. ; _c29 cm. |
||
| 653 | _aუროლოგია | ||
| 653 | _aმედიცინა | ||
| 653 | _aმამაკაცის უროგენიტალური დაავადებები | ||
| 653 | _a ქალის უროგენიტალური დაავადებები | ||
| 700 |
_aWein, Alan J. _eრედაქტორი _921889 |
||
| 700 |
_aKavoussi, Louis R. _eრედაქტორი _99481 |
||
| 942 |
_2udc _cᲬᲘᲒᲜᲘ |
||